000 00912nac a22002777a 4500
001 BR7803733
003 BR-BrBNA
005 20240105114242.0
008 230509b bl.|||m| |||| 00| 0 por d
040 _aBR-BrBNA
_bpor
_cBiblioteca Nacional de Agricultura
072 _aK50
090 _a8914 BR7803733
100 1 _aMilanez, A.F.
100 1 _aFoelkel, C.E.B.
110 1 _aCelulose Nipo-Brasileira S.A., Belo Oriente, MG
_91354
245 1 _aInfluencia da temperatura no pos-cozimento com oxigenio de cavacos amolecidos por solucao caustica KOH/nao H [Eucalipto; Celulose]
260 3 _aBelo Oriente, MG (Brasil):
_c1978.
300 _a7 p.
490 _aCENIBRA Pesquisa. Serie Processamento (Brazil)
_vno. 85
_x
650 _aIndustria florestal
650 _aEucalipto
650 _aCelulose
650 _aPapel
909 _a202312
_bLúcia Elande
_c55
_dLúcia Elande
942 _2AGRIS
_n0
_cMS
999 _c268268
_d268268